| 000 | 00722nam a22001937a 4500 | ||
|---|---|---|---|
| 999 |
_c3900 _d3900 |
||
| 003 | Nust | ||
| 005 | 20180117090019.0 | ||
| 008 | 170103b xxu||||| |||| 00| 0 eng d | ||
| 020 | _a9789351114901 | ||
| 040 |
_aS3H _c0 |
||
| 082 | _2659.2 | ||
| 100 | _4Ruchika Gupta | ||
| 245 |
_aPublic relations and media _bRuchika Gupta |
||
| 260 |
_aNew delhi _bRandom publications _c2015 |
||
| 300 | _a281p | ||
| 942 |
_2ddc _cBK |
||